Simplified Lummi stick activities (Record no. 105085)

MARC details
000 -LÍDER
campo de controle de tamanho fixo 00559 a2200217 4500
001 - NÚMERO DE CONTROLE
campo de controle 105085
041 ## - CÓDIGO DE IDIOMA
Código do idioma do texto/trilha sonora ou título diferente por
090 ## - NÚMERO DE CHAMADA LOCAL
Número de chamada (OCLC) (R); Número de chamada, CALL (RLIN) (NR) CD 782 SIM
092 ## - CLASSIFICAÇÃO DE DEWEY ATRIBUÍDA LOCALMENTE (OCLC)
Número de Classificação 94757293
040 ## - FONTE DA CATALOGAÇÃO
Instituição da catalogação original BR-BrIDEA
Instituição que transcreveu o registro BR-BrIDEA
100 ## - ENTRADA PRINCIPAL--NOME PESSOAL
Nome pessoal Johnson, Laura T.
250 ## - EDIÇÃO
Edição . ed.
245 10 - TÍTULO
Título Simplified Lummi stick activities
Indicação de responsabilidade, etc. Laura T Johnson
260 ## - PUBLICAÇÃO, DISTRIBUIÇÃO, ETC.
Local de publicação, distribuição, etc. [S.l.]
Nome do editor, distribuidor, etc. Kimbo Educational
Data da publicação, distribuição, etc. 1976
300 ## - DESCRIÇÃO FÍSICA
Extensão 1 sound disc
697 ## - ENTRADA DE ASSUNTO LOCAL--ENTIDADE COLETIVA (RLIN)
Nome corporativo ou nome da jurisdição Games with music.
697 ## - ENTRADA DE ASSUNTO LOCAL--ENTIDADE COLETIVA (RLIN)
Nome corporativo ou nome da jurisdição Physical education for children.
697 ## - ENTRADA DE ASSUNTO LOCAL--ENTIDADE COLETIVA (RLIN)
Nome corporativo ou nome da jurisdição Children's songs.
856 ## - LOCALIZAÇÃO ELETRÔNICA E ACESSO
Uniform Resource Identifier <a href="000007/0000070a.jpeg">000007/0000070a.jpeg</a>
942 ## - ELEMENTOS DE ENTRADA ADICIONADOS (KOHA)
Tipo de material Koha Música
Holdings
Situação do descarte Situação das perdas Fonte da classificação ou esquema de arquivamento na estante Situação física Não pode ser emprestado Biblioteca de origem Biblioteca atual Data de aquisição Total de empréstimos Número de chamada completo Código de barras Data de último acesso Data do preço efetivo Tipo de material Koha
    Classificação Decimal de Dewey     ECB - SUDOESTE ECB - SUDOESTE 30/07/2015   CD 782 SIM 00016413SSW 23/01/2024 23/01/2024 Textbook
    Classificação Decimal de Dewey     ECB - SUDOESTE ECB - SUDOESTE 30/07/2015   CD 782 SIM 00016412SSW 23/01/2024 23/01/2024 Música
    Classificação Decimal de Dewey     ECB - SUDOESTE ECB - SUDOESTE 30/07/2015   CD 782 SIM 00016411SSW 23/01/2024 23/01/2024 Música
    Classificação Decimal de Dewey     ECB - SUDOESTE ECB - SUDOESTE 30/07/2015   CD 782 SIM 00016414SSW 23/01/2024 23/01/2024 Música